000 00458nam a2200193Ia 4500
003 LK-CoDNM
005 20240325153715.0
008 010623t1949 xxu||||| |||| 00| 1 sin d
040 _aLK-CoDNM
_dLK-CoDNM
_eLK-CoDNM
041 _asin
080 _aගි 19
100 _aSilva,H.A.S
245 _aනවමිණ
246 _aNavamina
260 _bKarlten Press
_aMatara
_c1949
300 _bDamaged
_a15p.,21 cm
650 _aPoetry
942 _cBK
999 _c101626
_d101626